| 000 | 01827nam a2200433 a 4500 | ||
|---|---|---|---|
| 001 | ebr10185704 | ||
| 003 | CaPaEBR | ||
| 006 | m u | ||
| 007 | cr cn||||||||| | ||
| 008 | 050825s2006 txuab sb s001 0 eng | ||
| 010 | _z 2005024084 | ||
| 020 | _z0292702523 (cloth : alk. paper) | ||
| 020 | _z0292712995 (pbk. : alk. paper) | ||
| 020 | _z9780292712997 | ||
| 040 |
_aCaPaEBR _cCaPaEBR |
||
| 035 | _a(OCoLC)298788259 | ||
| 043 | _an-us-tx | ||
| 050 | 1 | 4 |
_aHV6465.T4 _bB67 2006eb |
| 082 | 0 | 4 |
_a364.1/34 _222 |
| 100 | 1 | _aBorders, Gary B. | |
| 245 | 1 | 2 |
_aA hanging in Nacogdoches _h[electronic resource] : _bmurder, race, politics, and polemics in Texas's oldest town, 1870-1916 / _cGary B. Borders. |
| 250 | _a1st ed. | ||
| 260 |
_aAustin : _bUniversity of Texas Press, _c2006. |
||
| 300 |
_axii, 209 p. : _bill., maps. |
||
| 490 | 1 |
_aClifton and Shirley Caldwell Texas heritage series ; _vno. 9 |
|
| 504 | _aIncludes bibliographical references (p. [199]-202) and index. | ||
| 533 |
_aElectronic reproduction. _bPalo Alto, Calif. : _cebrary, _d2013. _nAvailable via World Wide Web. _nAccess may be limited to ebrary affiliated libraries. |
||
| 600 | 1 | 0 |
_aBuchanan, Jim, _dd. 1902. |
| 650 | 0 |
_aLynching _zTexas _zNacogdoches _xHistory _y20th century. |
|
| 650 | 0 |
_aVendetta _zTexas _zNacogdoches _xHistory. |
|
| 650 | 0 |
_aPopulism _zTexas _zNacogdoches _xHistory. |
|
| 650 | 0 |
_aPopulism _zTexas, East _xHistory. |
|
| 651 | 0 |
_aNacogdoches (Tex.) _xRace relations _xHistory. |
|
| 651 | 0 |
_aTexas, East _xRace relations _xHistory. |
|
| 655 | 7 |
_aElectronic books. _2local |
|
| 710 | 2 | _aebrary, Inc. | |
| 830 | 0 |
_aClifton and Shirley Caldwell Texas heritage series ; _vno. 9. |
|
| 856 | 4 | 0 |
_uhttp://site.ebrary.com/lib/rucke/Doc?id=10185704 _zAn electronic book accessible through the World Wide Web; click to view |
| 999 |
_c145061 _d145061 |
||